<?xml version="1.0" encoding="UTF-8"?>
<marc:record xmlns:marc="http://www.loc.gov/MARC21/slim">
   <marc:leader>00000nam a2200000 a 4500</marc:leader>
   <marc:datafield ind1="1" ind2=" " tag="100">
      <marc:subfield code="a">Frey, Hannah</marc:subfield>
      <marc:subfield code="4">aut</marc:subfield>
      <marc:subfield code="e">Verfasser/-in</marc:subfield>
   </marc:datafield>
   <marc:datafield ind1=" " ind2=" " tag="653">
      <marc:subfield code="a">eat clean rezepte schnelles gesundes essen fleischgerichte rezepte clean eating recipes superfood smoothies</marc:subfield>
   </marc:datafield>
   <marc:datafield ind1=" " ind2=" " tag="653">
      <marc:subfield code="a">fitness food rezepte gesunde essen superfoods list gerichte rezepte kochrezepte gesund schlanke rezepte</marc:subfield>
   </marc:datafield>
   <marc:datafield ind1=" " ind2=" " tag="653">
      <marc:subfield code="a">gesundes essen am abend kochrezepte zum abnehmen essen gesund gesund essen plan gute kochrezepte</marc:subfield>
   </marc:datafield>
   <marc:datafield ind1=" " ind2=" " tag="653">
      <marc:subfield code="a">how to eat clean eat clean fit eat clean diet abnehmen mit clean eating clean eating rezept</marc:subfield>
   </marc:datafield>
   <marc:datafield ind1=" " ind2=" " tag="653">
      <marc:subfield code="a">rezepte fitness frühstücksideen rezepte gesundes essen für kinder gesunde kochrezepte fitness rezept</marc:subfield>
   </marc:datafield>
   <marc:datafield ind1=" " ind2=" " tag="653">
      <marc:subfield code="a">rezepte kochrezepte smoothie rezepte leckere rezepte superfood gesundes essen gesund essen gesunde gerichte</marc:subfield>
   </marc:datafield>
   <marc:datafield ind1=" " ind2=" " tag="653">
      <marc:subfield code="a">Softcover / Ratgeber/Gesundheit/Ernährung</marc:subfield>
   </marc:datafield>
   <marc:datafield ind1=" " ind2=" " tag="653">
      <marc:subfield code="a">gu clean eating clean eating starter clean your life clean food clean eating vegetarisch clean eating kochbuch</marc:subfield>
   </marc:datafield>
   <marc:datafield ind1=" " ind2=" " tag="653">
      <marc:subfield code="a">clean eating vegan clean eating deutsch clean eating hannah frey clean eating gu clean paleo tosca reno</marc:subfield>
   </marc:datafield>
   <marc:datafield ind1=" " ind2=" " tag="653">
      <marc:subfield code="a">clean eating rezepte clean eating superfoods superfood gesundes essen gesund essen gesunde gerichte</marc:subfield>
   </marc:datafield>
   <marc:datafield ind1=" " ind2=" " tag="653">
      <marc:subfield code="a">eat clean rezepte schnelles gesundes essen superfood smoothies rezepte fitness frühstücksideen rezepte</marc:subfield>
   </marc:datafield>
   <marc:datafield ind1=" " ind2=" " tag="653">
      <marc:subfield code="a">gesunde kochrezepte kochrezepte zum abnehmen gesundes essen am abend gesund essen plan gute kochrezepte</marc:subfield>
   </marc:datafield>
   <marc:datafield ind1=" " ind2=" " tag="653">
      <marc:subfield code="a">Kochbuch</marc:subfield>
   </marc:datafield>
   <marc:datafield ind1="0" ind2="0" tag="245">
      <marc:subfield code="a">Clean Eating Basics</marc:subfield>
   </marc:datafield>
   <marc:datafield ind1="0" ind2="0" tag="245">
      <marc:subfield code="b">der natürliche Weg in ein neues Lebensgefühl</marc:subfield>
   </marc:datafield>
   <marc:datafield ind1="0" ind2="0" tag="245">
      <marc:subfield code="c">Hannah Frey</marc:subfield>
   </marc:datafield>
   <marc:datafield ind1=" " ind2="1" tag="264">
      <marc:subfield code="a">München</marc:subfield>
      <marc:subfield code="b">Gräfe und Unzer Verlag GmbH</marc:subfield>
      <marc:subfield code="c">2016</marc:subfield>
   </marc:datafield>
   <marc:datafield ind1=" " ind2=" " tag="250">
      <marc:subfield code="a">1. Auflage</marc:subfield>
   </marc:datafield>
   <marc:datafield ind1="1" ind2=" " tag="520">
      <marc:subfield code="a">Angaben aus der Verlagsmeldung

Clean Eating Basics : Der natürliche Weg für ein neues Lebensgefühl / von Hannah Frey

Kein Fast Food, kein Convenience Food - sondern Clean Food! Das ist DER Grundsatz von Clean Eating, dem Trendthema aus Amerika. Es stehen Lebensmittel im Mittelpunkt, die natürlich und rein sind und dabei auch noch herrlich schmecken. Künstliche Zusatzstoffe, wie Geschmacksverstärker, Farb- und Konservierungsstoffe lehnt die Clean Eating Bewegung ab. Die Protagonistin der Clean-Eating-Bewegung in Deutschland, Hannah Frey, zeigt Ihnen, wie leicht es ist Clean Eating in Ihren Alltag zu integrieren und welche gesundheitlichen Vorteile diese vollwertige Ernährung mit sich bringt. Rezepte wie Buddah Bowl, Spinat-Hirsotto oder New York Cheesecake sind schnell zubereitet und bieten durch die Fülle an Nährstoffen ordentlich Energie für den Tag. Die Power-Yoga-Übungen unterstützen zusätzlich dabei, wieder die richtige Balance zwischen Körper, Geist und Seele zu finden. Der Einstieg in ein neues und besseres Lebensgefühl.
</marc:subfield>
   </marc:datafield>
   <marc:datafield ind1=" " ind2=" " tag="020">
      <marc:subfield code="a">9783833848056</marc:subfield>
      <marc:subfield code="9">9783833848056</marc:subfield>
   </marc:datafield>
   <marc:datafield ind1=" " ind2=" " tag="020">
      <marc:subfield code="a">3833848057</marc:subfield>
      <marc:subfield code="9">3833848057</marc:subfield>
   </marc:datafield>
   <marc:datafield ind1=" " ind2=" " tag="041">
      <marc:subfield code="a">ger</marc:subfield>
   </marc:datafield>
   <marc:datafield ind1=" " ind2=" " tag="300">
      <marc:subfield code="a">143 Seiten</marc:subfield>
   </marc:datafield>
</marc:record>
